LIBRARY & INFORMATION CENTRE, KCAET, TAVANUR

ONLINE PUBLIC ACCESS CATALOGUE (OPAC)

Mahakavi Kunchan Nambiar / (Record no. 11688)

MARC details
000 -LEADER
fixed length control field 00331cam a2200145ua 4500
041 ## - LANGUAGE CODE
Language code of text/sound track or separate title mal
082 ## - DEWEY DECIMAL CLASSIFICATION NUMBER
Classification number 894.81209
Item number CHU/MA
100 ## - MAIN ENTRY--AUTHOR NAME
Personal name Chummar, T.M .
245 00 - TITLE STATEMENT
Title Mahakavi Kunchan Nambiar /
250 ## - EDITION STATEMENT
Edition statement 4 /
300 ## - PHYSICAL DESCRIPTION
Number of Pages 192 ; .
942 ## - ADDED ENTRY ELEMENTS (KOHA)
Koha item type Books
Holdings
Withdrawn status Lost status Damaged status Home library Current library Date acquired Full call number Accession Number Koha item type
Withdrawn     KAUAET Malayalam University 07/04/2012 894.81209 910 Books
free website counter